Энергосбережение в тепловых пунктах жилых и общественных зданий; Ч. 2; Модель обогрева здания; Известия Томского политехнического университета [Известия ТПУ]; Т. 321, № 4 : Энергетика
| Parent link: | Известия Томского политехнического университета [Известия ТПУ]/ Томский политехнический университет (ТПУ).— , 2000- Т. 321, № 4 : Энергетика.— 2012.— [С. 35-38] |
|---|---|
| Altres autors: | , , , , |
| Sumari: | Заглавие с титульного листа Электронная версия печатной публикации Разработана простая модель обогрева здания с произвольным числом этажей, включенного в систему центрального отопления. Несмотря на простоту, она может применяться для моделирования обогрева здания совместно с его тепловым пунктом для последующего поиска оптимальных режимов работы теплового пункта. Проведены тестовые расчеты по определению температуры теплоносителя и средней температуры в помещениях для 9-этажного здания. Сформулированы условия применимости методов механики сплошной среды для описания температурного режима в здании. |
| Idioma: | rus |
| Publicat: |
2012
|
| Col·lecció: | Энергетика |
| Matèries: | |
| Accés en línia: | http://earchive.tpu.ru/bitstream/11683/4451/1/bulletin_tpu-2012-321-4-08.pdf |
| Format: | MixedMaterials Electrònic Capítol de llibre |
| KOHA link: | https://koha.lib.tpu.ru/cgi-bin/koha/opac-detail.pl?biblionumber=231532 |
MARC
| LEADER | 00000nla2a2200000 4500 | ||
|---|---|---|---|
| 001 | 231532 | ||
| 005 | 20231031202850.0 | ||
| 035 | |a (RuTPU)RU\TPU\book\252554 | ||
| 035 | |a RU\TPU\book\252553 | ||
| 090 | |a 231532 | ||
| 100 | |a 20130202d2012 k y0rusy50 ca | ||
| 101 | 0 | |a rus | |
| 102 | |a RU | ||
| 135 | |a drnn ---uucaa | ||
| 181 | 0 | |a i | |
| 182 | 0 | |a b | |
| 200 | 1 | |a Энергосбережение в тепловых пунктах жилых и общественных зданий |b Электронный ресурс |h Ч. 2 |i Модель обогрева здания |f Б. А. Унаспеков [и др.] | |
| 203 | |a Текст |c электронный | ||
| 215 | |a 1 файл (387 Кб) | ||
| 225 | 1 | |a Энергетика | |
| 230 | |a Электронные текстовые данные (1 файл : 387 Кб) | ||
| 300 | |a Заглавие с титульного листа | ||
| 300 | |a Электронная версия печатной публикации | ||
| 320 | |a [Библиогр.: с. 38 (3 назв.)] | ||
| 330 | |a Разработана простая модель обогрева здания с произвольным числом этажей, включенного в систему центрального отопления. Несмотря на простоту, она может применяться для моделирования обогрева здания совместно с его тепловым пунктом для последующего поиска оптимальных режимов работы теплового пункта. Проведены тестовые расчеты по определению температуры теплоносителя и средней температуры в помещениях для 9-этажного здания. Сформулированы условия применимости методов механики сплошной среды для описания температурного режима в здании. | ||
| 337 | |a Adobe Reader | ||
| 461 | 1 | |0 (RuTPU)RU\TPU\book\176237 |t Известия Томского политехнического университета [Известия ТПУ] |f Томский политехнический университет (ТПУ) |d 2000- | |
| 463 | 1 | |0 (RuTPU)RU\TPU\book\251719 |x 1684-8519 |t Т. 321, № 4 : Энергетика |v [С. 35-38] |d 2012 |p 204 с. | |
| 610 | 1 | |a теплоносители | |
| 610 | 1 | |a температура | |
| 610 | 1 | |a скорость | |
| 610 | 1 | |a помещения | |
| 610 | 1 | |a тепловые пункты | |
| 610 | 1 | |a теплообмен | |
| 610 | 1 | |a механика сплошной среды | |
| 610 | 1 | |a методы | |
| 610 | 1 | |a применимость | |
| 610 | 1 | |a системы центрального отопления | |
| 610 | 1 | |a электронный ресурс | |
| 701 | 1 | |a Унаспеков |b Б. А. |g Берикбай Акибаевич | |
| 701 | 1 | |a Сабденов |b К. О. |g Каныш Оракбаевич | |
| 701 | 1 | |a Кокарев |b М. Ж. |g Малик Жинисович | |
| 701 | 1 | |a Колобердин |b М. В. |g Михаил Валерьевич | |
| 701 | 1 | |a Игембаев |b Б. А. |g Бахтияр Анварович | |
| 801 | 1 | |a RU |b 63413507 |c 20090623 |g PSBO | |
| 801 | 2 | |a RU |b 63413507 |c 20220114 |g PSBO | |
| 856 | 4 | |u http://earchive.tpu.ru/bitstream/11683/4451/1/bulletin_tpu-2012-321-4-08.pdf | |
| 942 | |c CF | ||